Consideraciones generales para el estudio de las condiciones de trabajo y salud de los menores en Centroamérica /
Uloženo v:
| Hlavní autor: | |
|---|---|
| Médium: | Text |
| Témata: | |
| Tagy: |
Přidat tag
Žádné tagy, Buďte první, kdo vytvoří štítek k tomuto záznamu!
|
MARC
| LEADER | 00000 a a2200000 04500 | ||
|---|---|---|---|
| 001 | 47456 | ||
| 003 | |||
| 040 | |||
| 090 | |a REV0857 5 (14) 1979 | ||
| 100 | |a Sepúlveda S., Jaime | ||
| 245 | |a Consideraciones generales para el estudio de las condiciones de trabajo y salud de los menores en Centroamérica / |c Jaime Sepúlveda S. | ||
| 650 | |a CONDICIONES DE TRABAJO | ||
| 650 | |a TRABAJO DE MENORES | ||
| 650 | |a NIÑOS | ||
| 650 | |a CENTROAMERICA | ||
| 650 | |a LEGISLACION LABORAL | ||
| 773 | |g volumen5, número14, setiembre-diciembre (1979) | ||
| 999 | |c 37024 |d 37024 | ||
